00502nam a2200169 450000500170000001000150001702000260003203500140005803700090007208200130008110000160009424500520011025000060016226000510016827000880021930000250030720250626162313.0 aENG-145589 a9788123416784c250.00 aEN-129121 bDBAD a270.221 aD. Gnanaiah aIslam and India:bA Rational View/cD. Gnanaiah a1 aChennaibNew Century Book House (P) Ltd.c2009 a41-B, SIDCO Industrial Estate, AmbatturbChennaie600050k04426251968minfo@ncbh.in axxv, 468p.c21cm(pb)